MARC details
| 000 -CABECERA |
| campo de control de longitud fija |
02518nam a2200421 a 4500 |
| 001 - NÚMERO DE CONTROL |
| campo de control |
Z_7026 |
| 003 - IDENTIFICADOR DEL NÚMERO DE CONTROL |
| campo de control |
CHAP |
| 005 - FECHA Y HORA DE LA ÚLTIMA TRANSACCIÓN |
| campo de control |
20250521113901.0 |
| 007 - CAMPO FIJO DE DESCRIPCIÓN FÍSICA--INFORMACIÓN GENERAL |
| campo de control de longitud fija |
ta |
| 008 - DATOS DE LONGITUD FIJA--INFORMACIÓN GENERAL |
| campo de control de longitud fija |
220113t2015 mx a fr 001 0 spa d |
| 010 ## - NÚMERO DE CONTROL DE LA BIBLIOTECA DEL CONGRESO |
| Número de control de LC |
170298 |
| 020 ## - NÚMERO INTERNACIONAL ESTÁNDAR DEL LIBRO |
| Número Internacional Estándar del Libro |
978-607-17-2290-4 |
| 040 ## - FUENTE DE LA CATALOGACIÓN |
| Centro catalogador/agencia de origen |
Z |
| Centro/agencia transcriptor |
CHAP |
| Normas de descripción |
rda |
| 041 0# - CÓDIGO DE LENGUA |
| Código de lengua del sumario o resumen |
Español |
| Código de lengua de la tabla de contenido |
Español |
| 082 ## - NÚMERO DE LA CLASIFICACIÓN DECIMAL DEWEY |
| Número de clasificación |
636.2086 |
| Número de documento/Ítem |
G84 2015 |
| Número de edición |
20 |
| 100 1# - ENTRADA PRINCIPAL--NOMBRE DE PERSONA |
| Nombre de persona |
Guerrero Rodríguez, Alberto |
| 9 (RLIN) |
146592 |
| Término indicativo de función/relación |
autor |
| 245 10 - MENCIÓN DE TÍTULO |
| Título |
Procesado del grano y de la fibra : |
| Resto del título |
efectos sobre el metabolismo rumial / |
| Mención de responsabilidad, etc. |
Alberto Guerrero Rodríguez y Jesús Fuentes Rodríguez |
| 250 ## - MENCIÓN DE EDICIÓN |
| Mención de edición |
Primera edición |
| 264 #1 - PRODUCCIÓN, PUBLICACIÓN, DISTRIBUCIÓN, FABRICACIÓN Y COPYRIGHT |
| Producción, publicación, distribución, fabricación y copyright |
México D.F. : |
| Nombre del de productor, editor, distribuidor, fabricante |
Trillas, |
| Fecha de producción, publicación, distribución, fabricación o copyright |
©2015 |
| 300 ## - DESCRIPCIÓN FÍSICA |
| Extensión |
152 páginas : |
| Otras características físicas |
ilustraciones |
| 336 ## - TIPO DE CONTENIDO |
| Fuente |
rdacontent |
| Término de tipo de contenido |
texto |
| Código de tipo de contenido |
txt |
| 337 ## - TIPO DE MEDIO |
| Fuente |
rdamedia |
| Nombre/término del tipo de medio |
sin medio |
| Código del tipo de medio |
n |
| 338 ## - TIPO DE SOPORTE |
| Fuente |
rdacarrier |
| Nombre/término del tipo de soporte |
volumen |
| Código del tipo de soporte |
nc |
| 500 ## - NOTA GENERAL |
| Nota general |
ej.1: consumo \ ej.2. consumo \ ej.3: consumo \ ej.4: consumo \ ej.5: consumo \ ej.6: S/N (sin sellos) |
| 504 ## - NOTA DE BIBLIOGRAFÍA, ETC. |
| Nota de bibliografía, etc. |
Bibliografía: páginas 131 - 145 |
| 505 0# - NOTA DE CONTENIDO CON FORMATO |
| Nota de contenido con formato |
Introducción -- Capítulo 1. El grano -- Capítulo 2. El procesamiento de granos -- Capítulo 3. Efectos del procesamiento del grano sobre el medio ruminal -- Capítulo 4. Fibra -- Conclusiones -- Bibliografía -- Índice onomástico -- Índice analítico. |
| 520 ## - SUMARIO, ETC. |
| Sumario, etc. |
Los cereales, concentrados proteicos de origen animal y cultivos forrajeros representan las fuentes principales para el consumo de los rumiantes, por lo que los criaderos de este tipo de ganado se han visto en la necesidad de aumentar la calidad de esos nutrientes. En este libro se presentan los diferentes proceso que existen para optimizar el aprovechamiento de los alimentos mencionados; en general, lo referente a la digestibilidad de ciertos ingredientes, pero también beneficios adicionales como mejorar el sabor, incrementar la eficiencia alimenticia, aumentar la densidad y renovar el manejo de los ingredientes. El objetivo de procesar los granos y fibras que han de alimentar a los rumiantes es facilitar el mezclado de ingredientes y el manejo y la distribución del pienso para elevar su valor nutritivo en beneficio de la producción ganadera. |
| 650 13 - PUNTO DE ACCESO ADICIONAL DE MATERIA--TÉRMINO DE MATERIA |
| Término de materia o nombre geográfico como elemento de entrada |
Rumiantes |
| Subdivisión general |
Alimentación y alimentos |
| 9 (RLIN) |
139947 |
| 650 13 - PUNTO DE ACCESO ADICIONAL DE MATERIA--TÉRMINO DE MATERIA |
| Término de materia o nombre geográfico como elemento de entrada |
Piensos |
| 9 (RLIN) |
88012 |
| 650 13 - PUNTO DE ACCESO ADICIONAL DE MATERIA--TÉRMINO DE MATERIA |
| Término de materia o nombre geográfico como elemento de entrada |
Procesado de piensos |
| 9 (RLIN) |
149848 |
| 650 13 - PUNTO DE ACCESO ADICIONAL DE MATERIA--TÉRMINO DE MATERIA |
| Término de materia o nombre geográfico como elemento de entrada |
Digestibilidad |
| 9 (RLIN) |
144243 |
| 650 13 - PUNTO DE ACCESO ADICIONAL DE MATERIA--TÉRMINO DE MATERIA |
| Término de materia o nombre geográfico como elemento de entrada |
Ciencia de forrajes y piensos |
| 9 (RLIN) |
149843 |
| 700 1# - PUNTO DE ACCESO ADICIONAL--NOMBRE DE PERSONA |
| Nombre de persona |
Fuentes Rodríguez, Jesús |
| 9 (RLIN) |
146595 |
| Término indicativo de función/relación |
autor |
| 942 ## - ELEMENTOS DE PUNTO DE ACCESO ADICIONAL (KOHA) |
| Fuente del sistema de clasificación o colocación |
Dewey Decimal Classification |
| Tipo de ítem Koha |
Libro |
| 901 ## - ELEMENTOS DE DATOS A LOCAL LDA (RLIN) |
| a |
636.2086 G84 2015 |
| 902 ## - ELEMENTOS DE DATOS B LOCAL, LDB (RLIN) |
| a |
M |
| 910 ## - DATOS DE OPCIÓN DEL USUARIO (OCLC) |
| Datos de opción del usuario |
2015 |